| 000 | 00663nam a22002172 4500 | ||
|---|---|---|---|
| 001 | 0000001079 | ||
| 005 | 20151021151051.0 | ||
| 008 | 070226s xx 000 0 eng d | ||
| 020 |
_a0849913535 : _cKES 1,720 |
||
| 040 |
_aKABU _cKABU |
||
| 050 | 0 |
_aBV660.2 _b.L39 1999 |
|
| 100 | 1 |
_aLawrence, William D. _@0000159961 |
|
| 245 | 1 | 0 |
_aEffective pastoring / _cWilliam D. Lawrence. |
| 260 |
_aNashville : _bThomas Nelson, _c1999. |
||
| 300 |
_axii, 257 p. ; _c25 cm. |
||
| 600 | 1 | 0 |
_aClergy, _dOffice. _@0000149597 |
| 650 | 0 |
_aPastoral theology. _@0000149539 |
|
| 908 | _a070226 | ||
| 950 | _@1 | ||
| 999 |
_c301 _d301 |
||